000 00613nam a22002537a 4500
003 UA-OsUOA
001 37946
007 ta
008 20060420b un ||||| |||| 00| 0 ukr d
100 _aИльин В.В.
700 _aТитов В.В.
090 _a336.76
_bИ46
942 _cBK
040 _aUA-OsUOA
_brus
_cUA-OsUOA
_dUA-OsUOA
245 _aБиржа на кончиках пальцев
300 _a368 с.
955 _a2
041 _arus
080 _a336.76
020 _a5-469-00209-8
260 _aСПб
_bПитер
_c2004
650 7 _a336 Фінанси
_2UDC
999 _c324111
_d324111